Forms of contract (Record no. 106408)

MARC details
000 -LEADER
fixed length control field 01250cam a22002775 4500
001 - CONTROL NUMBER
control field L136489
008 - FIXED-LENGTH DATA ELEMENTS--GENERAL INFORMATION
fixed length control field 070202s2004 xxk f 000 0 eng u
020 ## - INTERNATIONAL STANDARD BOOK NUMBER
International Standard Book Number 0852954514
035 ## - SYSTEM CONTROL NUMBER
System control number (Sirsi) u136489
041 0# - LANGUAGE CODE
Language code of text/sound track or separate title eng
050 04 - LIBRARY OF CONGRESS CALL NUMBER
Classification number 692.8 $2 18
100 1# - MAIN ENTRY--PERSONAL NAME
Personal name Wright, David
240 04 - UNIFORM TITLE
Uniform title The purple book
245 00 - TITLE STATEMENT
Title Forms of contract
Remainder of title user guide
-- the purple book
250 ## - EDITION STATEMENT
Edition statement 4th ed.
260 ## - PUBLICATION, DISTRIBUTION, ETC.
Place of publication, distribution, etc. Rugby
Name of publisher, distributor, etc. IChemE
Date of publication, distribution, etc. 2004
300 ## - PHYSICAL DESCRIPTION
Extent vi, 278p.
Dimensions 24cm.
350 ## - PRICE (NR) (BK AM CF MU VM SE) [OBSOLETE]
Price 55
505 2# - FORMATTED CONTENTS NOTE
Formatted contents note Introductory notes -- The red book -- The green book -- The burgundy book -- The yellow and brown books -- The orange book
520 ## - SUMMARY, ETC.
Summary, etc. Provides guidance on the Forms of Contract series (the Purple Book) published by the Institution of Chemical Engineers. The Institution has tried to produce sets of contract conditions which can be used as a basis for contracts in the process industries and are fair to both sides. This volume explains the way in which the conditions are intended to work.
590 ## - LOCAL NOTE (RLIN)
Local note KA
651 #4 - SUBJECT ADDED ENTRY--GEOGRAPHIC NAME
Geographic name United Kingdom
Chronological subdivision
690 ## - LOCAL SUBJECT ADDED ENTRY--TOPICAL TERM (OCLC, RLIN)
Topical term or geographic name as entry element BUILT ENVIRONMENT-BUILDING CONTRACT FORMS-STANDARD FORMS OF BUILDING CONTRACT-INSTITUTION OF CHEMICAL ENGINEERS CONTRACTS
710 1# - ADDED ENTRY--CORPORATE NAME
Corporate name or jurisdiction name as entry element Institution of Chemical Engineers
9 (RLIN) 1773
942 ## - ADDED ENTRY ELEMENTS (KOHA)
Suppress in OPAC 0
Holdings
Withdrawn status Lost status Source of classification or shelving scheme Damaged status Not for loan Home library Current library Shelving location Date acquired Cost, normal purchase price Total Checkouts Full call number Barcode Date last seen Date last checked out Copy number Cost, replacement price Price effective from Koha item type
    Dewey Decimal Classification     London London Books 19/04/2007 55.00 15 692.8 WRI 30073718 06/08/2019 08/02/2010 1 55.00 06/08/2019 Book